| 000 | 00615nam a22001937a 4500 | ||
|---|---|---|---|
| 005 | 20171107094934.0 | ||
| 010 | _aENG-121248 | ||
| 020 | _c175.00 | ||
| 035 | _aEN-104780 | ||
| 037 | _bDBAD/PUB | ||
| 082 | _a510 | ||
| 100 | _aKasalah,V. | ||
| 245 |
_aMathematics : _cby V. Kasaiah _bM.Sc., entrance exams preparation material / |
||
| 260 |
_bLorven Publications _c2010 _aHyderabad |
||
| 270 |
_a3-5-1108, Maruthi Complex, Narayanguda, _bHyderabad _e500029 |
||
| 300 |
_a11.8p, _c24cm, (pbk) |
||
| 505 | _aUseful for all university and other competitive exams | ||
| 942 |
_2ddc _cEN _h510 _mKAS |
||
| 999 |
_c147168 _d147168 |
||